| 000 | 00452nam a2200193Ia 4500 | ||
|---|---|---|---|
| 008 | 170918s9999 xx 000 0 und d | ||
| 020 | _a9780545178136 | ||
| 050 | _bS351 2007 | ||
| 100 | _aSchmidt, Gary D. | ||
| 245 | 4 | _aThe Wednesday wars / | |
| 245 | _cby Gary D. Schmidt. | ||
| 260 | _aNew York : | ||
| 260 | _bScholastic, | ||
| 260 | _c2007 | ||
| 300 | _a264 pages : | ||
| 300 | _bblack and white : | ||
| 300 | _c19cm. | ||
| 500 | _a990 | ||
| 999 |
_c344106 _d344106 |
||